Research studies in the economic and social environment of the Indian church (Record no. 438310)

000 -LEADER
fixed length control field 00352cam a22001097a 4500
008 - FIXED-LENGTH DATA ELEMENTS--GENERAL INFORMATION
fixed length control field 180718b1938 xxu||||| |||| 00| 0 eng d
082 ## - DEWEY DECIMAL CLASSIFICATION NUMBER
Classification number B1241x5452 P774
100 ## - MAIN ENTRY--PERSONAL NAME
Personal name Ponniah, J.S.
245 ## - TITLE STATEMENT
Title Research studies in the economic and social environment of the Indian church
Statement of responsibility, etc. by J.S.Ponniah
260 ## - PUBLICATION, DISTRIBUTION, ETC.
Place of publication, distribution, etc. Madhra
Name of publisher, distributor, etc. American College
Date of publication, distribution, etc. 1938
300 ## - PHYSICAL DESCRIPTION
Extent iv,222p.
Holdings
Withdrawn status Lost status Damaged status Not for loan Permanent Location Current Location Date acquired Full call number Barcode Date last seen Price effective from Koha item type
        Indian Institute of Public Administration Indian Institute of Public Administration 2010-04-07 B1241x5452 P774 34280 2018-07-21 2018-07-21 Book

Powered by Koha